000 00340nam a22001457a 4500
008 210531b ||||| |||| 00| 0 eng d
020 _a9780471346098
041 _aeng
080 _22nd
_a004
082 _a004
100 _a28
101 _aSHKI
245 _aComputing Concepts with Java 2 Essentials
_cCay Horstmann
942 _2udc
_cBK
999 _c57872
_d57872